00716nam a2200253 a 4500001001300000003000900013005001700022008004100039020002300080082001500103100001800118245002500136260004200161300001000203500003500213505001000248650002300258700001600281700001500297902000800312942000700320952011800327999001700445nice12345678IN_TiNIC20260116015001.0050524s1996 leia grd 000 0 eng  a0830896 c10000a220.3bMAR aMarshall, I H aNew Bible Dictionary aLeicesterbInter Varsity Press c1996 a1298p aincludes index and biblioraphy2 aIndex aBible-Dictionaries1 aA R Millard1 aJ I Packer bRHR cBK 001040708ReferHall-aHMIbHMId2007-06-15g100.00l0o220.3 MARp11000439r2007-06-15v100.00w2005-05-24yBK c17834d17834